The Owl House Characters - Statistics

General Stats
  • This quiz has been taken 1,403 times
  • The average score is 24 of 35
Answer Stats
Hint Answer % Correct
The Main Character Luz Noceda
97%
The Above's Daughter Amity Blight
94%
Emperor _____ Belos
94%
Owl Lady Eda Clawthorne
94%
Golden Guard Hunter
93%
Last Living Titan King
91%
The Owl House Hooty
88%
Founder of the Human Appreciation Society Gus Porter
87%
Main Character's First Friend (from the Boiling Isles) Willow Park
87%
Owl Lady's Sister Lilith Clawthorne
86%
Golden Guard's Palismen Flapjack
80%
Owl Lady's First Friend Raine Whispers
77%
Main Character's Mom Camila Noceda
76%
Human Name of the Above Philip Wittebane
74%
The Above's Wife Odalia Blight
73%
Owl Lady's Palismen Owlbert
72%
Bully at Hexside Boscha
71%
Made Abominations for the Emperor Alador Blight
70%
The Above's Favorite Fictional Character Azura
70%
Protects All Palismen Bat Queen
70%
Hates Golden Guard Kikimora
70%
Current Hexside Principal Bump
69%
Silhouetted Character Who Works With the Emperor Collector
69%
Abomination Coven Head Darius
69%
Coven Guard Who Unmasks Himself Steve
69%
Impersonates Main Character Vee
65%
The Above's Two Siblings Edric and Emira Blight
58%
Beast Keeping Coven Head Eberwolf
44%
Owl Lady's Mother Gwendolyn Clawthorne
39%
The Above's Brother Mattholomule
38%
Character With a Big Nose Tinella Nosa
36%
Owl Lady's Father Dell Clawthorne
32%
Fake Wizard Adegast
26%
Former Hexside Principal Faust
24%
Creature Made to Protect the Above Jean-Luc
23%
No matching quizzes found
Score Distribution
Percent of People with Each Score
Percentile by Number Answered
Your Score History
You have not taken this quiz